000 00266nam a22001217a 4500
082 _a823
_bUNK/D
100 _aUNKNOWN
245 _aDAVID (BIBLE COMICS)
260 _aCHALAKUDY
_bDIVINE RETREAT CENTRE
300 _a32
650 _aENGLISH STORY
_zKERALA
942 _cBK
999 _c7512
_d7512